| 000 | 01077nam a2200265 a 4500 | ||
|---|---|---|---|
| 001 | 000025075 | ||
| 005 | 20200930023540.0 | ||
| 008 | 110209s1972 mx r 000 0 spa d | ||
| 040 |
_aDO-SdBNP _bspa _cBNPHU |
||
| 041 | 1 | 7 |
_aspa _heng _2Código de idioma MARC |
| 082 |
_a327.47072 _bU58s |
||
| 245 | 0 | 1 |
_aLa Unión Soviética y la América Latina / _ccompilado por Joseph Gregory Oswald y Anthony J. Strover ; traducción de Alfonso Castaño. |
| 260 |
_aMéxico, D. F. : _bEditorial Letras, _c1972. |
||
| 300 |
_a248 p. ; _c21 cm. |
||
| 534 |
_aTítulo original: _tThe Soviet Union and Latin America |
||
| 500 | _aIncluye referencias bibliográficas | ||
| 500 | _aIncluye notas al pie de las páginas | ||
| 650 | 4 |
_aUnión soviética _xRelaciones exteriores _zAmérica Latina _951451 |
|
| 650 | 4 |
_aAmérica latina _xRelaciones exteriores _zUnión Soviética _951452 |
|
| 651 | 4 |
_aCuba _xPolítica Y Gobierno _9541 |
|
| 700 | 1 |
_aOswald, Joseph Gregory _ecomp. _951453 |
|
| 700 | 1 |
_aStrover, Anthony J. _ecomp. _951454 |
|
| 700 | 1 |
_aCastaño, Alfonso _etr. _951455 |
|
| 049 | _aBNGR | ||
| 999 |
_c24568 _d24568 |
||